000 01047nam a2200289 a 4500
001 ebr10018384
003 CaPaEBR
006 m u
007 cr cn|||||||||
008 030212s2002 enka s 000 0 eng d
020 _z1841508373
040 _aCaPaEBR
_cCaPaEBR
035 _a(OCoLC)614551226
050 1 4 _aTH2401
_b.J87 2002eb
100 1 _aJupp, Edmund W.
245 1 0 _aRoof watching
_h[electronic resource] /
_cEdmund W. Jupp.
260 _aBristol, UK ;
_aPortland, OR :
_bIntellect,
_cc2002.
300 _a55 p. :
_bill.
490 1 _aWatching series
533 _aElectronic reproduction.
_bPalo Alto, Calif. :
_cebrary,
_d2009.
_nAvailable via World Wide Web.
_nAccess may be limited to ebrary affiliated libraries.
650 0 _aRoofs.
650 0 _aRoofs
_xDesign and construction.
655 7 _aElectronic books.
_2local
710 2 _aebrary, Inc.
830 0 _aWatching series.
856 4 0 _uhttp://site.ebrary.com/lib/rucke/Doc?id=10018384
_zAn electronic book accessible through the World Wide Web; click to view
999 _c29460
_d29460